| 000 | 00487nam a2200157 i 4500 | ||
|---|---|---|---|
| 001 | 76616 | ||
| 003 | ES-MaACL | ||
| 005 | 20230906172910.0 | ||
| 007 | t| | ||
| 008 | 041004s1973 sp ||||1| spa d | ||
| 245 | 0 | 0 |
_aGuía de posibilidades industriales _b: Provincia de Santa Cruz de Tenerife. |
| 250 | _a[2ª ed.]. | ||
| 260 |
_aSanta Cruz de Tenerife : _bCabildo Insular de Tenerife, _c[1973] |
||
| 300 |
_a140 p., 5 lám. : _bil. ; _c24 cm. |
||
| 852 |
_aES-MaACL _jC-54655 _bR.87123 |
||
| 999 |
_c76616 _d76616 |
||